LEADER 01226nam a2200325 i 4500 001 991000699319707536 005 20020507172432.0 008 971117s1996 us ||| | eng 020 $a0849391253 035 $ab10744903-39ule_inst 035 $aLE01300909$9ExL 040 $aDip.to Matematica$beng 082 0 $a006.3 084 $aAMS 68T 100 1 $aKrishnamoorthy, C. S.$0534699 245 10$aArtificial intelligence and expert systems for engineers /$cC. S. Krishnamoorthy, S. Rajeev 260 $aBoca Raton, FL :$bCRC Press,$cc1996 300 $aix, 297 p. ;$c24 cm + 1 computer disk 490 0 $aNew directions in civil engineering 500 $aIncludes bibliographical references and index 650 4$aArtificial intelligence 650 4$aEngineering-data processing 650 4$aExpert systems (Computer science) 700 1 $aRajeev, S. 907 $a.b10744903$b23-02-17$c28-06-02 912 $a991000699319707536 945 $aLE013 68T KRI11 (1996)$g1$i2013000091785$lle013$o-$pE0.00$q-$rl$s- $t0$u1$v0$w1$x0$y.i10836986$z28-06-02 996 $aArtificial intelligence and expert systems for engineers$9910672 997 $aUNISALENTO 998 $ale013$b01-01-97$cm$da $e-$feng$gus $h0$i1 LEADER 04332 am 2200685 n 450 001 9910131543503321 005 20141224 010 $a2-11-139822-5 035 $a(CKB)3710000000491120 035 $a(FrMaCLE)OB-deps-452 035 $a(oapen)https://directory.doabooks.org/handle/20.500.12854/50170 035 $a(PPN)18931284X 035 $a(EXLCZ)993710000000491120 100 $a20150921j|||||||| ||| 0 101 0 $afre 135 $auu||||||m|||| 181 $ctxt$2rdacontent 182 $cc$2rdamedia 183 $acr$2rdacarrier 200 14$aLes industries culturelles en France et en Europe : points de repère et de comparaison /$fRoxane Laurent 210 $aParis $cDépartement des études, de la prospective et des statistiques$d2014 215 $a1 online resource (20 p.) 330 $aEn 2011, la part des industries culturelles (audiovisuel et multimédia, activités liées au livre et à la presse, services des agences de publicité) dans l?ensemble de l?économie marchande est de 2,6 % en France, l?une des plus élevées d?Europe. Supérieure à celle de l?Allemagne (2,1 %), elle reste toutefois inférieure à celle des industries culturelles au Royaume-Uni (3,2 %). En France, l?audiovisuel et le multimédia contribuent majoritairement à l?activité des industries culturelles, à la différence de l?Allemagne et du Royaume- Uni où le livre et la presse prédominent. Certaines activités françaises comme le jeu vidéo, la production et la postproduction de films cinématographiques, de vidéos et de programmes télévisés contribuent pour plus d?un tiers de l?ensemble de l?activité au niveau européen. Les agences de presse sont en revanche principalement anglaises, tandis que l?Allemagne occupe une place très importante dans les secteurs du disque, de la radio et des journaux. Comme dans tous les secteurs de l?économie marchande, la rentabilité des entreprises culturelles françaises, mesurée ici par leur taux de marge, est plus faible que celle de l?ensemble des entreprises européennes, du fait de coûts pesant sur les facteurs de production. Les secteurs de la presse et les agences de publicité présentent des taux de marge particulièrement faibles. Selon cet indicateur, les jeux vidéo et la production de films sont les secteurs culturels français les plus rentables, tandis qu?en Allemagne et au Royaume-Uni, ce sont plutôt les activités liées à la presse, et en Italie celles liées à la musique. In 2011, the cultural industries (audiovisual and multimedia, press and publishing-related activities, advertising agency services) accounted for 2.6% of France?s entire market economy, one of the largest in Europe. This proportion is higher than Germany?s 2.1%, but nevertheless remains lower than the UK?s 3.2%. In France, the audiovisual and multimedia sectors account for the? 517 $aindustries culturelles en France et en Europe 606 $aCultural studies 606 $aEconomics (General) 606 $aéconomie de la culture et de la communication 606 $aINSEE 606 $aEurope 606 $aFrance 606 $aaudiovisuel 606 $amédias 606 $alivre 606 $ajeu vidéo 606 $afilm 606 $aentreprises culturelles 606 $aeconomics of culture and Communication 606 $aINSEE (National Institute of statistics and economic studies) 610 $aINSEE (National Institute of statistics and economic studies) 610 $aeconomics of culture and Communication 615 4$aCultural studies 615 4$aEconomics (General) 615 4$aéconomie de la culture et de la communication 615 4$aINSEE 615 4$aEurope 615 4$aFrance 615 4$aaudiovisuel 615 4$amédias 615 4$alivre 615 4$ajeu vidéo 615 4$afilm 615 4$aentreprises culturelles 615 4$aeconomics of culture and Communication 615 4$aINSEE (National Institute of statistics and economic studies) 700 $aLaurent$b Roxane$01283386 801 0$bFR-FrMaCLE 906 $aBOOK 912 $a9910131543503321 996 $aLes industries culturelles en France et en Europe : points de repère et de comparaison$93019135 997 $aUNINA LEADER 02104oam 2200613I 450 001 9910711474203321 005 20181228131537.0 035 $a(CKB)5470000002483297 035 $a(OCoLC)961333277 035 $a(OCoLC)995470000002483297 035 $a(EXLCZ)995470000002483297 100 $a20161028d1960 ua 0 101 0 $aeng 135 $aur||||||||||| 181 $ctxt$2rdacontent 182 $cc$2rdamedia 183 $acr$2rdacarrier 200 10$aSurface water supply of the United States, 1959$hPart 1-A$iNorth Atlantic Slope Basins, Maine to Connecticut /$fprepared under the direction of J.V.B. Wells 210 1$a[Washington, D.C.] :$cUnited States Department of the Interior, Geological Survey,$d1960. 210 2$aWashington :$cUnited States Government Printing Office. 215 $a1 online resource (viii, 276 pages) $cillustrations, map 225 1 $aGeological Survey water-supply paper ;$v1621 300 $a"Prepared in cooperation with the States of Connecticut, Maine, Massachusetts, New Hampshire, New York, Rhode Island, and Vermont, and with other agencies." 300 $aIncludes index. 517 3 $aNorth Atlantic Slope Basins, Maine to Connecticut. 606 $aWater quality$zNortheastern States 606 $aWater-supply$zNortheastern States 606 $aWater quality$2fast 606 $aWater-supply$2fast 607 $aNortheastern States$2fast 615 0$aWater quality 615 0$aWater-supply 615 7$aWater quality. 615 7$aWater-supply. 700 $aWells$b J. V. B.$01385991 712 02$aGeological Survey (U.S.), 712 02$aConnecticut. 712 02$aMaine. 712 02$aMassachusetts. 712 02$aNew Hampshire. 712 02$aNew York (State) 712 02$aRhode Island. 712 02$aVermont. 801 0$bCOP 801 1$bCOP 801 2$bOCLCO 801 2$bOCLCF 801 2$bGPO 801 2$bMERUC 801 2$bGPO 906 $aBOOK 912 $a9910711474203321 996 $aSurface water supply of the United States, 1959$93450070 997 $aUNINA